Mediation (Record no. 112576)

MARC details
000 -LEADER
fixed length control field 00700cam a22002175a 4500
001 - CONTROL NUMBER
control field L153533
008 - FIXED-LENGTH DATA ELEMENTS--GENERAL INFORMATION
fixed length control field 110804s2009 xxk f 000 0 eng d
020 ## - INTERNATIONAL STANDARD BOOK NUMBER
International Standard Book Number 9781859463123
035 ## - SYSTEM CONTROL NUMBER
System control number (Sirsi) u153533
041 0# - LANGUAGE CODE
Language code of text/sound track or separate title eng
050 04 - LIBRARY OF CONGRESS CALL NUMBER
Classification number 347.4107 $2 18
100 1# - MAIN ENTRY--PERSONAL NAME
Personal name Grossman, Andy
245 00 - TITLE STATEMENT
Title Mediation
Remainder of title good practice guide
260 ## - PUBLICATION, DISTRIBUTION, ETC.
Place of publication, distribution, etc. London
Name of publisher, distributor, etc. RIBA
Date of publication, distribution, etc. 2009
490 #0 - SERIES STATEMENT
Series statement RIBA Good Practice Guide
520 ## - SUMMARY, ETC.
Summary, etc. Outlines the benefits and practicalities of mediation, including conflict management and dispute prevention.
590 ## - LOCAL NOTE (RLIN)
Local note KA
651 #4 - SUBJECT ADDED ENTRY--GEOGRAPHIC NAME
Geographic name ENGLAND AND WALES
690 ## - LOCAL SUBJECT ADDED ENTRY--TOPICAL TERM (OCLC, RLIN)
Topical term or geographic name as entry element MANAGEMENT-DISPUTE AVOIDANCE, MANAGEMENT AND RESOLUTION-DISPUTE MANAGEMENT AND RESOLUTION
942 ## - ADDED ENTRY ELEMENTS (KOHA)
Suppress in OPAC 0
Holdings
Withdrawn status Lost status Source of classification or shelving scheme Damaged status Not for loan Home library Current library Shelving location Date acquired Total Checkouts Full call number Barcode Date last seen Copy number Price effective from Koha item type
    Dewey Decimal Classification     London London Books 10/08/2011   347.4107 GRO 30075784 06/08/2019 1 06/08/2019 Book